Statystyki dla Państwa na literę E

Kliknij tutaj aby rozwiązać quiz!

Ogólne statystyki

  • Ten quiz został rozwiązany 67 085 razy
    (59 627 od ostatniego zresetowania)
  • Średni wynik to 4 z 6

Statystyki odpowiedzi

Kraj% Poprawnych
Estonia
87%
Ekwador
75%
Egipt
71%
Etiopia
66%
Erytrea
56%
Eswatini
31%

Rozkład punktacji

Percentyl według liczby udzielonych odpowiedzi

Procent ludzi z każdym wynikiem

Twoja historia wyników

Nie rozwiązałeś tego quizu od ostatniego zresetowania